Vplyv médií na recipientov a verejnú mienku spoločnosti

Problematika vzťahu médií a spoločnosti so zreteľom na oblasť verejnej mienky. Autorka v príspevku definuje základné teoretické východiská tejto problematiky, najmä význam a úlohu verejnej mienky v kontexte pôsobenia masových médií. Príspevok reflektuje špecifickú povahu a silu médií, teóriu mediokr...

ver descrição completa

Na minha lista:
Detalhes bibliográficos
Autor principal: Hladíková, Vladimíra
Formato: Capítulo de Livro
Idioma:eslovaco
Assuntos:
Tags: Adicionar Tag
Sem tags, seja o primeiro a adicionar uma tag!

MARC

LEADER 00000nla a2200000 4500
001 0231014
005 20240417075119.9
041 0 |a slo 
044 |a SK 
245 1 0 |a Vplyv médií na recipientov a verejnú mienku spoločnosti  |c Vladimíra Hladíková 
520 |a Problematika vzťahu médií a spoločnosti so zreteľom na oblasť verejnej mienky. Autorka v príspevku definuje základné teoretické východiská tejto problematiky, najmä význam a úlohu verejnej mienky v kontexte pôsobenia masových médií. Príspevok reflektuje špecifickú povahu a silu médií, teóriu mediokracie, ako aj rôzne formy pôsobenia médií na recipientov. V závere príspevku autorka zdôrazňuje význam a dôležitosť mediálnej gramotnosti a rozvoj mediálnych kompetencií, prostredníctvom ktorých dokážeme eliminovať negatívne snahy o manipuláciu zo strany masmédií. 
610 2 0 |a spoločnosť 
610 2 0 |a mienka verejná 
610 2 0 |a médiá 
610 2 0 |a gramotnosť 
610 2 0 |a kompetencie 
100 1 |a Hladíková, Vladimíra